| 000 | 00450nam a2200169Ia 4500 | ||
|---|---|---|---|
| 005 | 20250108022951.0 | ||
| 008 | 240331s9999 xx 000 0 und d | ||
| 020 | _a0195103580 | ||
| 082 |
_bELI _25775 _a305.3 |
||
| 100 | _aAries, E | ||
| 245 | 0 |
_aMen and Women in Interaction _bReconsidering the Differences |
|
| 260 |
_aNew York _bOxford University Press, Inc. _c1996 |
||
| 300 | _axiv, 286 p., | ||
| 650 | _aWomen | ||
| 650 | _aGender | ||
| 942 | _cL | ||
| 999 |
_c1997 _d1997 |
||